Library Banner

Paradise gardens : (Record no. 116843)

MARC details
000 -LEADER
fixed length control field 00460nam a22001577a 4500
005 - DATE AND TIME OF LATEST TRANSACTION
control field 20200131121935.0
008 - FIXED-LENGTH DATA ELEMENTS--GENERAL INFORMATION
fixed length control field 200131b ||||| |||| 00| 0 eng d
020 ## - INTERNATIONAL STANDARD BOOK NUMBER
International Standard Book Number 9781473666481
040 ## - CATALOGING SOURCE
Transcribing agency PK-LaUMT
082 ## - DEWEY DECIMAL CLASSIFICATION NUMBER
Classification number 712.091767
Item number DON-P
100 ## - MAIN ENTRY--PERSONAL NAME
Personal name Don, Monty
245 ## - TITLE STATEMENT
Title Paradise gardens :
Remainder of title the world's most beautiful Islamic gardens /
Statement of responsibility, etc by Month Don and Derry Moore
260 ## - PUBLICATION, DISTRIBUTION, ETC. (IMPRINT)
Place of publication, distribution, etc London :
Name of publisher, distributor, etc Hodder & Stoughton,
Date of publication, distribution, etc 2018
300 ## - PHYSICAL DESCRIPTION
Extent 223 p.
942 ## - ADDED ENTRY ELEMENTS (KOHA)
Koha item type Books
Holdings
Withdrawn status Lost status Damaged status Home library Current library Date acquired Full call number Barcode Date last seen Price effective from Koha item type
      UMT Main Campus UMT Main Campus 2020-01-31 712.091767 DON-P 133050 2020-01-31 2020-01-31 Books